Homes, today and tomorrow / (Record no. 16516)

000 -LEADER
fixed length control field 00522nam a2200205 a 4500
020 ## - INTERNATIONAL STANDARD BOOK NUMBER
ISBN 0870023268
040 ## - CATALOGING SOURCE
Transcribing agency DLC
082 ## - DEWEY DECIMAL CLASSIFICATION NUMBER
Classification number 643 BEN 1981 A106 Or.
100 1# - MAIN ENTRY--AUTHOR NAME
Personal name Sherwood, Ruth F
245 10 - TITLE STATEMENT
Title Homes, today and tomorrow /
250 ## - EDITION STATEMENT
Edition statement 2nd ed
260 ## - PUBLICATION, DISTRIBUTION, ETC. (IMPRINT)
Place of publication Peoria, Ill. :
Name of publisher Bennett Pub. Co.,
Year of publication c1981
300 ## - PHYSICAL DESCRIPTION
Number of Pages 464 p. :
Other physical details ill. (some col.) ;
Dimensions 24 cm
500 ## - GENERAL NOTE
General note Includes index
650 #0 - SUBJECT ADDED ENTRY--TOPICAL TERM
Topical Term Design
650 #0 - SUBJECT ADDED ENTRY--TOPICAL TERM
Topical Term Interior decoration
650 #0 - SUBJECT ADDED ENTRY--TOPICAL TERM
Topical Term House buying
700 10 - ADDED ENTRY--PERSONAL NAME
Personal name Sherwood, George H
942 ## - ADDED ENTRY ELEMENTS (KOHA)
Koha item type សៀវភៅភាសាអង់គ្លេស
952 ## - LOCATION AND ITEM INFORMATION (KOHA)
Withdrawn status [LOCAL, KOHA] 0
Holdings
Permanent Location Date acquired Koha item type Lost status Shelving location Barcode Current Location Full call number
Library Block A2018-03-05សៀវភៅភាសាអង់គ្លេស A107A17080Library Block A643 BEN 1981 A107 Or.
មជ្ឈមណ្ឌលឯការនៃសាកលវិទ្យាល័យភូមិន្ទកសិកម្មចំការដូង

Powered by Koha